000 05645cam a22012854i 4500
003 PE-LiUPU
005 20250813185612.0
008 150706s2011 ck a rb 000 0 spa d
020 _a9586487407
020 _a9789586487405
035 _a(Sirsi) i9789586487405
040 _aPE-LiUPU
_bspa
_cPE-LiUPU
_dPE-LiUPU
_erda
049 _aPRUA
082 0 4 _a362.1023
_bB41
_221
100 1 _aBetancur Pulgarín, Carmen Luisa,
_eautor.
245 1 0 _aGerencia del cuidado hospitalario /
_cCarmen Luisa Betancur Pulgarín.
250 _a2a edición.
264 1 _aBogotá :
_bEcoe Ediciones,
_c2011.
300 _a139 páginas :
_bilustraciones ;
_c21 centímetros.
336 _atext
_2rdacontent
337 _aunmediated
_2rdamedia
338 _avolume
_2rdacarrier
490 0 _aCiencias de la salud. Administración en salud
504 _aIncluye bibliografía.
505 0 _aLa gerencia del cuidado hospitalario -- El profesional de enfermería o gerente del cuidado hospitalario -- Aspectos a examinar y analizar -- Competencias administrativas del o la gerente del cuidado en el ámbito hospitalario -- Proceso administrativo -- Liderazgo en enfermería -- Características del líder - Líder holístico -- Factores que intervienen en el comportamiento efectivo del líder en enfermería -- El trabajo del líder -- Alianzas estratégicas -- Ventajas de las alianzas estratégicas -- Rol del profesional de enfermería -- Manejo de conflictos -- Solución de conflicto laboral en la clínica san José -- Priorización de tareas -- Asignación de actividades -- Delegación de tareas, actividades o responsabilidades -- Organización del tiempo -- Instrumentos de apoyo en la gerencia del cuidado en el ámbito hospitalario -- Manual de funciones -- Manual de procesos y procedimientos -- Manual de normas -- Plan de desarrollo -- Plan de acción -- Plan de mejoramiento -- Guías de manejo o guías de la práctica clínica -- Ambiente hospitalario -- Educación al paciente y su familia -- Impacto del cuidado hospitalario en las comunidades -- Registros clínicos -- Chequeo de historias clínicas -- Enfermería basada en la evidencia -- Etapas en la práctica de la ebe -- Indicadores hospitalarios -- Indicadores atención ambulatoria -- Rendimiento para internación -- Cuidados de enfermería al paciente hospitalario -- Cuidado de enfermería -- Componentes de la calidad del cuidado -- La satisfacción de las personas y el cuidado de enfermería -- Propiedades del proceso -- Implicaciones para las personas del equipo y los pacientes -- Implicaciones para el profesional -- Modalidades organizativas en enfermería -- Gerencia del cuidado de enfermería en el ámbito hospitalario -- Gerencia del talento humano en enfermería -- Modelos de dotación de personal -- El presupuesto en una institución hospitalaria -- Distribución del presupuesto -- El profesional de enfermería y el presupuesto -- Monitoreo de la calidad de la atención en los servicios de enfermería - Objetivos -- Etapas para el monitoreo -- Estándar -- Proyecto profesional.
526 _aP202
526 _aP201
526 _aP163
526 _aP162
526 _aP161
526 _aP160
526 _aP148
526 _aP147
526 _aP146
526 _aP145
526 _aP144
526 _aP143
526 _aP142
526 _aP141
526 _aP140
526 _aP139
526 _aP138
526 _aP137
526 _aP136
526 _aP135
526 _aP134
526 _aP133
526 _aP129
526 _aP128
526 _aP127
526 _aP120
526 _aP119
526 _aP118
526 _aP116
526 _aP115
526 _aP114
526 _aP110
526 _aP109
526 _aP108
526 _aP104
526 _aP103
526 _aP102
526 _aP99
526 _aP98
526 _aP97
526 _aP96
526 _aP95
526 _aP93
526 _aP90
526 _aP89
526 _aP88
526 _aP83
526 _aP82
526 _aP62
526 _aP59
526 _aP58
526 _aP57
526 _aP51
526 _aP49
526 _aP48
526 _aP47
526 _aP29
526 _aP24
526 _aP20
526 _aP19
526 _aP17
526 _aP15
526 _aP14
526 _aP12
526 _aP10
526 _aP09
526 _aP08
526 _aP07
526 _aP06
526 _aP05
526 _aP04
526 _aP01
541 _g0001-0000123;
541 _g0001-000201;
650 0 4 _aEnfermería hospitalaria
_xServicios de enfermería.
650 0 4 _aAdministración de servicios de salud.
910 _bjv
_clch
_d20120706
942 _2ddc
_cBOOK
949 _a362.1023 B41
_wDEWEY
_c1
_i65089
_lCCODEBUL1
_mBUL
_p22.00
_r0
_sY
_tBOOK
_u2015-7-6
_xSALUD
_PP22
_o.STAFF. Colección General
949 _a362.1023 B41
_wDEWEY
_c2
_i67829
_lCCODEBUL1
_mBUL
_p20.00
_r0
_sY
_tBOOK
_u2015-7-6
_xSALUD
_PP22
_o.STAFF. Colección General
994 _aC0
_bPEPRU
596 _a1
999 _a362.1023 B41
_wDEWEY
_c53754
_i65089
_f2021-11-3
_g5
_lCCODEBUL1
_mBUL
_p22.00
_r0
_sY
_tBOOK
_u2015-7-6
_xSALUD
_zP22
_0COMPRA
_o.STAFF. Colección Ciencias de la Salud
_d53754
999 _a362.1023 B41
_wDEWEY
_c2
_i67829
_f2021-11-3
_g5
_lCCODEBUL1
_mBUL
_p20.00
_r0
_sY
_tBOOK
_u2015-7-6
_xSALUD
_zP22
_0COMPRA
_o.STAFF. Colección Ciencias de la Salud
980 _81
_gALBERTO SANCHEZ Responsable de Automatización